000 03845nam0a2200373 4500
001 RU\NLR\BIBL_A\012904766
005 20230314125236.0
010 _a978-5-6043389-4-0
_9500
021 _aRU
_bКН-П-22-054489
_9КН-П-22-4725
035 _a(NLR Aleph) 012904766
035 _a(RuMoRGB)011179676
090 _a12593916
_c12593916
100 _a20221007d2019 u y0rusy50 ca
101 0 _arus
102 _aRU
105 _aa j 000zy
181 0 _ai3
_baxxe
182 0 _an
200 1 _aЛингводидактика для учителей основной школы
_eучебное пособие
_eдля подготовки бакалавров-лингвистов по направлениям 45.03.02 "Лингвистика" и магистров - 45.04.02 "Лингвистика" по профилю обучения "Теория и методика преподавания иностранных языков и культур"
_fЕ. В. Егорова, Т. А. Лопатухина
203 _aТекст
_bвизуальный
_cнепосредственный
210 _aРостов-на-Дону
_cБеспамятнов С. В.
_d2019
215 _a125 с.
_cил., табл.
_d21
320 _aБиблиогр.: с. 123-125 (39 назв.) и в подстроч. примеч.
330 _aКонцептуально-теоретической основой данного пособия является авторское представление учебной дисциплины "Лингводидактика" в виде интегративного сочетания предметного содержания таких дисциплин как педагогика, лингвистика, профессиональная лингводидактика, лингвистика текста, корпусная лингвистика на основе системно-структурного принципа смысловой обработки контента по уровням языка и по видам речевой деятельности, преломляемых в практике обучения через образовательные педагогические технологии, а также иноязычные образовательные технологии, образовательные парадигмы и педагогические каркасы, развивающие элементарную и функциональную грамотность обучающихся. Учебное пособие представляет ретроспективный анализ этапов развития лингводидактики и намечает прогностические возможности дальнейшего развития современной педагогической науки, связанной с формированием профессиональной компетентности учителей основной школы, обучающих как родному языку, так и иностранному языкам
606 1 _aЛингводидактика
_jУчебные издания для высших учебных заведений
_2nlr_sh2
_3RU\NLR\AUTH\66636955
675 _a373.5.016:81(075.8)
_v4
686 1 _aЧ426.11/17(2Р)я73
700 1 _aЕгорова
_bЕ. В.
_cканд. пед. наук, лингвистика
_gЕкатерина Владимировна
_3RU\NLR\AUTH\770160737
701 1 _aЛопатухина
_bТ. А.
_gТатьяна Александровна
_3RU\NLR\AUTH\770203523
942 _cBOOK
980 _aNBR
980 _aNB